000
00334nam a2200145Ia 4500
008
150201s2009 xx 000 0 und d
082
_a
610.3
_b
A09S
100
_a
SHARMA, J.L.
245
2
_a
A DICTIONARY OF MICROBIOLOGY
250
_a
1ST
260
_b
CBS
_a
DELHI
_c
2009
300
_a
1-406
650
_a
DICTIONARIES
942
_2
ddc
_c
BK
999
_c
301
_d
301